| 000 | 00000cam 2200000zi 4500 |
| 001 | 9.955384 |
| 003 | CaOODSP |
| 005 | 20260604152604 |
| 006 | m o d f |
| 007 | cr mn||||||||| |
| 008 | 250916t20252025onc o f000 0 eng d |
| 020 | |a9780660789873 |
| 040 | |aCaOODSP|beng|erda|cCaOODSP |
| 043 | |an-cn--- |
| 086 | 1 |aBT48-57/2025E-PDF |
| 245 | 00|aGC digital competencies for all public servants. |
| 264 | 1|aOttawa, Ontario : |bTreasury Board of Canada Secretariat = Secrétariat du Conseil du trésor du Canada, |c2025. |
| 264 | 4|c©2025 |
| 300 | |a1 online resource (22 pages) |
| 336 | |atext|btxt|2rdacontent |
| 337 | |acomputer|bc|2rdamedia |
| 338 | |aonline resource|bcr|2rdacarrier |
| 500 | |aIssued also in French under title: Compétences en matière de numérique au sein du GC pour tous les fonctionnaires. |
| 500 | |a"Published: 2025-07-07." |
| 650 | 0|aCivil service|zCanada. |
| 650 | 0|aComputer literacy|zCanada. |
| 710 | 1 |aCanada. |bTreasury Board, |eissuing body. |
| 775 | 08|tCompétences en matière de numérique au sein du GC pour tous les fonctionnaires.|w(CaOODSP)9.955385 |
| 856 | 40|qPDF|s1.00 MB|uhttps://publications.gc.ca/collections/collection_2026/sct-tbs/BT48-57-2025-eng.pdf |
| 856 | 4 |qHTML|sN/A|uhttps://www.canada.ca/en/treasury-board-secretariat/topics/professional-development/gc-digital-competencies-all-public-servants.html |